| 000 | 00797cgm a2200229 4500 | ||
|---|---|---|---|
| 001 | B3215 | ||
| 008 | 090401t1989 xxu||||| |||| 00| 0 eng d | ||
| 035 | _a(Sirsi) u54778 | ||
| 041 | _aeng | ||
| 050 | _a333.33 | ||
| 100 | _aGass, Michael | ||
| 245 | _aEstate Agency No. 5: listings no. 2 (sound recording) | ||
| 260 |
_aLondon _bRoyal Institution of Chartered Surveyors _c1989 |
||
| 300 | _a1 sound cassette (60 min.) | ||
| 350 | _a10 | ||
| 490 | _aOwlion Audio Programme | ||
| 520 | _aPublished jointly with the College of Estate Management . Adjustment of asking prices, overseeing sale to contract, submission and recovery of fees, management technique and consumer legislation. | ||
| 650 | _aAUDIO CASSETTES | ||
| 700 | _aCartwright, Richard | ||
| 942 | _n0 | ||
| 948 | _c04/03/1997 | ||
| 999 |
_c85303 _d85303 |
||